000 00496cam a22001931 4500
001 he 67001112
003 DLC
005 20260227111447.0
008 870515s1967 is 000 1 hebr
010 _ahe 67001112
035 _a(OCoLC)15695209
040 _aDLC
_cTxU
_dTxU
_dDLC
042 _apremarc
050 0 0 _aPJ5054.T38
_bE7
100 1 _aTeicher, Eli,
_d1939-
245 1 0 _aEsh ba-sheleg
_c[me-et] Eli Teikher.
260 _aTel-Aviv :
_bAlef,
_c[1967] 727.
300 _a227 p.
_c22 cm.
999 _c32417
_d32417